000 00552nam a22001817a 4500
003 NUST
005 20260217123153.0
008 260217b ||||| |||| 00| 0 eng d
020 _a978-81-265-2521-8
082 _a658.404
_bJAC
100 _aMeredith, Jack R., Mantel Jr., Samuel J.
_9133298
245 _aProject Management: A Managerial Approach /
_cMeredith, Jack R., Mantel Jr., Samuel J.
250 _a7th Edition
260 _aIndia:
_bJohn Wiley & Sons,
_c2008.
300 _axv, 585 p ;
_c29.5 cm
563 _aPapercover
942 _2ddc
_cBK
999 _c616273
_d616273